Southville International School and Colleges
Your cart is empty.
  • Cart
  • Lists
    Public lists Eva Luna New books Lux_list list_1
    Your lists Log in to create your own lists
  • Log in to your account
  • Your cookies
  • Search history
Southville International School and Colleges
  • Advanced search
  • Recent comments
  • Most popular
  • Libraries

Log in to your account

Log in with GOOGLE


If you do not have an external account, but do have a local account, you can still log in:

  1. Home
  2. MARC view: Secret agents.
Normal view MARC view ISBD view

Secret agents. (Record no. 114502)

[ view plain ]
MARC details
000 -LEADER
fixed length control field 00696nam a2200205 a 4500
005 - DATE AND TIME OF LATEST TRANSACTION
control field 20140414132102.0
008 - FIXED-LENGTH DATA ELEMENTS--GENERAL INFORMATION
fixed length control field 100722s19uu xx 00 eng d
020 ## - INTERNATIONAL STANDARD BOOK NUMBER
International Standard Book Number 9781595665928
050 ## - LIBRARY OF CONGRESS CALL NUMBER
Classification number M 627.12
Item number G54 2008
100 ## - MAIN ENTRY--PERSONAL NAME
Personal name Gilbert, Adrian
245 ## - TITLE STATEMENT
Title Secret agents.
260 ## - PUBLICATION, DISTRIBUTION, ETC. (IMPRINT)
Place of publication, distribution, etc London :
Name of publisher, distributor, etc QED,
Date of publication, distribution, etc 2008.
300 ## - PHYSICAL DESCRIPTION
Extent 32 p.
440 ## - SERIES STATEMENT/ADDED ENTRY--TITLE
Title Spy files
500 ## - GENERAL NOTE
General note Includes index.
520 ## - SUMMARY, ETC.
Summary, etc "Discusses American, British, and Russian spies and secret agents, and the history of espionage. Includes profiles of famous spies and double agents"--Provided by publisher.
650 ## - SUBJECT ADDED ENTRY--TOPICAL TERM
Topical term or geographic name as entry element Secret service --Juvenile literature.
650 ## - SUBJECT ADDED ENTRY--TOPICAL TERM
Topical term or geographic name as entry element Spies --Juvenile literature.
Holdings
Withdrawn status Lost status Damaged status Use restrictions Home library Current library Shelving location Date acquired Source of acquisition Cost, normal purchase price Total Checkouts Full call number Barcode Date last seen Price effective from Koha item type
        Munich Library Munich Library Main Section 07/22/2010   75.00   M 627.12 G54 2008 M6351 04/14/2014 04/14/2014 Books

Secret agents.

APA

Gilbert A., . (2008). Secret agents. London: QED.

Chicago

Gilbert Adrian, . 2008. Secret agents. London: QED.

Harvard

Gilbert A., . (2008). Secret agents. London: QED.

MLA

Gilbert Adrian, . Secret agents. London: QED. 2008.

  • Place hold
  • Print
  • Cite
  • Add to your cart (remove)
  • Save record
    BIBTEX Dublin Core MARCXML MARC (non-Unicode/MARC-8) MARC (Unicode/UTF-8) MARC (Unicode/UTF-8, Standard) MODS (XML) RIS
  • More searches
    Search for this title in:
    Other Libraries (WorldCat) Other Databases (Google Scholar) Online Stores (Bookfinder.com) Open Library (openlibrary.org)

Exporting to Dublin Core...

SOUTHVILLE LIBRARY

Southville International School and Colleges Library

1281 Tropical Ave. Cor. Luxembourg St., BF Homes International, Las Pinas City

Tel. No. 8256374 / 252358 Loc. 117/146

Powered by Koha